000 00596nam a2200181Ia 4500
005 20240612144700.0
008 240523t1964||||xx |||||||||||||| ||und||
040 _aODONTO
_bspa
_cODONTO
_dODONTO
041 _aspa
082 _aR 617.6003 D951
100 _aDurante Avellanal, Ciro
_97288
245 0 _aDiccionario odontológico /
_cCiro Durante Avellanal, Marta Irma Durante. --
260 _aBuenos Aires :
_bMundi,
_c1964.
300 _a777 p. :
_bil. ;
_c28 cm.
650 0 2 _aOdontología
_9563
942 _aBiblioteca de Odontología
_cBK
_n0
_kR 617.6003 D951
_2ddc
999 _c2757
_d2757